• 首页
  • 本馆介绍
  • 公告通知
  • 最新文献
  • 馆藏检索
  • 电子资源
  • 读者导购
  • 参考咨询
  • 我的图书馆
  • 登录
  • 详细信息显示
  • 放入我的书架
  • 预约/预借图书
  • 作者相关作品
  • 分类相关作品
  • 丛书相关作品
  • 出版社相关作品

书目信息

  • 表格格式
  • 工作单格式
  • 卡片格式
题名:
环境遥感
    
 
作者: 詹森 撰写 ;陈晓玲 中文导读
分册:  
出版信息: 北京   科学出版社  2011
页数: 12,48,16,592页
开本: 29cm
丛书名:
单 册:
中图分类: X87
科图分类:
主题词: 环境遥感
电子资源:
ISBN: 978-7-03-032187-9
000 00983nam0 2200277 450
001 352021
005 20161017162455.68
010    @a978-7-03-032187-9@dCNY78.00
100    @a20141225d2011 em y0chiy50 ea
101 0  @aeng@gchi
102    @aCN@b110000
105    @aa z 001yy
106    @ar
200 1  @a环境遥感@e地球资源视角@dRemote sensing of the enviromnet@eAn earth resource perspective@fJohn R. Jensen[撰写]@g陈晓玲[等]中文导读@zeng
210    @a北京@c科学出版社@d2011
215    @a12,48,16,592页@c图@d29cm
305    @a据原书第二版出版
330    @a本书在明确定义数据及数据处理基础上,介绍了电磁辐射原理,并重点介绍减少大气散射干扰获取遥感辐射信号的方法。
510 1  @aRemote sensing of the enviromnet@eAn earth resource perspective@zeng
517 1  @a地球资源视角
606 0  @a环境遥感
690    @aX87@v5
701  0 @c(美)@a詹森@c(Jensen, John R.)@4撰写
702  0 @a陈晓玲@4中文导读
801  0 @aCN@bTANGWEI@c20161010
905    @b0897685-8@dX87@e212@f4
    
    环境遥感:地球资源视角=Remote sensing of the enviromnet:An earth resource perspective/John R. Jensen[撰写]/陈晓玲[等]中文导读.-北京:科学出版社,2011
    12,48,16,592页:图;29cm
    
    
    ISBN 978-7-03-032187-9:CNY78.00
    本书在明确定义数据及数据处理基础上,介绍了电磁辐射原理,并重点介绍减少大气散射干扰获取遥感辐射信号的方法。
●
相关链接 在E读中查询图书 在五车中查询图书 在当当中查询图书 在豆瓣中查询图书


正题名:环境遥感     索取号:X87/212         预约/预借

序号 登录号 条形码 馆藏地/架位号 状态 备注
1 0897685   208976857   第二样本阅览室/ [索取号:X87/212] 在馆    
2 0897686   208976866   第三借阅区/ [索取号:X87/212] 在馆    
3 0897687   208976875   第三借阅区/ [索取号:X87/212] 在馆    
4 0897688   208976884   第三借阅区/ [索取号:X87/212] 在馆    
唐山师范学院图书馆 欢迎您!
大连网信软件有限公司© 版权所有